The life and times of Delhi / (Record no. 68858)

MARC details
000 -LEADER
fixed length control field 01156nam a22002057a 4500
005 - DATE AND TIME OF LATEST TRANSACTION
control field 2012080302132.0
010 ## - LCCN (DPL NO)
LC control number B-477201-202
020 ## - INTERNATIONAL STANDARD BOOK NUMBER
International Standard Book Number 9789380239934 (Set of 2 vols.)
Terms of availability 2500.00 (set)
035 ## - SYSTEM CONTROL NUMBER
System control number B-477201-202
037 ## - SOURCE OF ACQUISITION
Stock number dpl
Source of stock number/acquisition K.K.Pub/Ven
082 ## - DEWEY DECIMAL CLASSIFICATION NUMBER
Classification number 954.16
245 ## - TITLE STATEMENT
Title The life and times of Delhi /
Statement of responsibility, etc edited by Suresh K.Sharma
260 ## - PUBLICATION, DISTRIBUTION, ETC. (IMPRINT)
Place of publication, distribution, etc Delhi
Name of publisher, distributor, etc Vista International Publishing House
Date of publication, distribution, etc 2010
270 ## - ADDRESS
Address V-196, Near Shiv Sadhna Mandir, C-II, Yamuna Vihar
City Delhi
Postal code 110053
300 ## - PHYSICAL DESCRIPTION
Extent 2v. (xiii, 421p.; xiii, 418p.)
Dimensions 21cm (Hb)
942 ## - ADDED ENTRY ELEMENTS (KOHA)
Source of classification or shelving scheme Dewey Decimal Classification
Item type English Books
Call number suffix LIF
Classification part 954.16
Holdings
Withdrawn status Lost status Materials specified (bound volume or other part) Not for loan Collection code Home library Current library Date acquired Source of acquisition Cost, normal purchase price Full call number Barcode Copy number Cost, replacement price Koha item type
    V.1 Not For Loan Reference Central Library Central Library 08/08/2012 K.K.Pub/1907/30.3.2012/SP/45/30.03.2012/30.03.2012 2500.00 954.16 LIF B-477201 1 2500.00 English Books
    V.2 Not For Loan Reference Central Library Central Library 08/08/2012 K.K.Pub/1907/30.3.2012/SP/45/30.03.2012/30.03.2012 2500.00 954.16 LIF B-477202 1 2500.00 English Books

© Delhi Public Library
Hit Counter
free hit counter